000
00266nam a2200133Ia 4500
008
170620s9999 xx 000 0 und d
020
_a
1582558485
100
_a
DUTTA-A.C
245
0
_a
BOTANY
260
_b
OXFORD
260
_c
2005
300
_a
708
546
_a
English
690
_a
BOTANY
999
_c
30557
_d
30557